| 000 | 00000nas 2200000za 4500 |
| 001 | 9.821691 |
| 003 | CaOODSP |
| 005 | 20221107143522 |
| 007 | cr ||||||||||| |
| 008 | 160726d19791995onczr p o f0###b0fre|d |
| 022 | |y0015-3702 |
| 040 | |aCaOODSP|bfre |
| 041 | |aeng|afre |
| 043 | |an-cn--- |
| 086 | 1 |aDC2-2-PDF |
| 245 | 00|aFlight comment |h[ressource électronique] : |bthe flight safety digest of the Canadian Armed Forces = Propos de vol : bulletin de securité des vols des Forces armées canadiennes. |
| 246 | 11|aPropos de vol : |bbulletin de securité des vols des Forces armées canadiennes |
| 260 | |aOttawa : |bQuartier général de la défense nationale, Direction de la sécurité du vol, |c1979-1995. |
| 310 | |aSix numéros par année |
| 362 | 0 |aNo. 2 (1979)-no. 3 (1995). |
| 515 | |aLa numérotation reprend à chaque année. |
| 546 | |aTexte en anglais et en français. |
| 692 | 07|2gccst|aAviation |
| 710 | 1 |aCanada.|bMinistère de la défense nationale.|bDirection de la sécurité aérienne. |
| 780 | 00|tFlight comment |w(CaOODSP)9.821665 |
| 785 | 00|tPropos de vol |w(CaOODSP)9.501440 |
| 791 | |tFlight comment |eeng|w(CaOODSP)9.821687 |